[Event "TUR-chT 1st League"]
[Site "Konya"]
[Date "2019.07.25"]
[Round "6.9"]
[White "Ozturk, Yavuz"]
[Black "Tuna, Alp"]
[Result "0-1"]
[WhiteElo "1686"]
[BlackElo "2208"]
[PlyCount "110"]
[EventDate "2019.07.22"]
[EventType "team-swiss"]
[EventRounds "9"]
[EventCountry "TUR"]
[SourceTitle "CBM 191 Extra"]
[Source "ChessBase"]
[SourceDate "2019.09.30"]
[SourceVersion "1"]
[SourceVersionDate "2019.09.30"]
[SourceQuality "1"]
[WhiteTeam "Kahramanmaras CC"]
[BlackTeam "Bogazici Universitesi"]
[WhiteTeamCountry "TUR"]
[BlackTeamCountry "TUR"]

1. e4 c6 2. d4 d5 3. Nc3 dxe4 4. Nxe4 Bf5 5. Ng3 Bg6 6. Nf3 Nd7 7. h4 h6 8. h5 Bh7 9. Bd3 Bxd3 10. Qxd3 e6 11. Bd2 Ngf6 12. 0-0-0 Be7 13. Ne4 Nxe4 14. Qxe4 Nf6 15. Qe2 Qd5 16. Kb1 Qe4 17. Qxe4 Nxe4 18. Be3 0-0 19. Ne5 Rfd8 20. g4 Bf6 21. f4 Rac8 22. Nf3 Be7 23. Rhg1 c5 24. g5 hxg5 25. fxg5 cxd4 26. Bxd4 Bc5 27. Bxc5 Rxd1+ 28. Rxd1 Rxc5 29. g6 Rd5 30. gxf7+ Kxf7 31. Rf1 Ng3 32. Ne5+ Ke7 33. Re1 Nxh5 34. c4 Rd2 35. c5 g5 36. Rh1 Nf4 37. Ng4 Kd7 38. Ne5+ Ke7 39. Ng4 Kd8 40. Rh7 Rd7 41. Rh8+ Kc7 42. Rg8 Rd5 43. b4 a5 44. Nf6 Re5 45. a3 axb4 46. axb4 Nd3 47. Rg7+ Kc6 48. b5+ Kxb5 49. Rxb7+ Kc6 50. Rb6+ Kc7 51. Ne8+ Kd7 52. Nf6+ Ke7 53. Ng8+ Kf7 54. Nh6+ Kg6 55. Ng4 Re4 0-1

[Event "Wch U20 57th"]
[Site "Manavgat"]
[Date "2018.09.11"]
[Round "7"]
[White "Nurgaliyev, Sauat"]
[Black "Tuna, Alp"]
[Result "1/2-1/2"]
[WhiteElo "1685"]
[BlackElo "2253"]
[PlyCount "89"]
[EventDate "2018.09.05"]
[EventType "swiss"]
[EventRounds "11"]
[EventCountry "TUR"]
[SourceTitle "CBM 186 Extra"]
[Source "ChessBase"]
[SourceDate "2018.08.24"]
[SourceVersion "1"]
[SourceVersionDate "2018.08.24"]
[SourceQuality "1"]

1. e4 c5 2. Nf3 d6 3. d4 cxd4 4. Nxd4 Nf6 5. Nc3 a6 6. f3 e5 7. Nb3 Be6 8. Be3 Nbd7 9. Qd2 Rc8 10. 0-0-0 Be7 11. g4 Nb6 12. Na5 Qc7 13. Kb1 0-0 14. h4 Rfd8 15. Qf2 Na8 16. Nb3 d5 17. exd5 Nxd5 18. Nxd5 Bxd5 19. Bd3 b5 20. h5 Bc4 21. Bf5 Rxd1+ 22. Rxd1 Rd8 23. Rh1 Rd6 24. g5 Qd8 25. Qg2 Rd1+ 26. Rxd1 Qxd1+ 27. Nc1 g6 28. Be4 Nc7 29. hxg6 hxg6 30. Qh2 Qd6 31. f4 Ne6 32. fxe5 Qd8 33. b3 Bd5 34. Bxd5 Qxd5 35. Nd3 Bxg5 36. Bxg5 Nxg5 37. Qd2 Ne4 38. Qa5 Nc5 39. Nxc5 Qxc5 40. Qd8+ Kg7 41. Qf6+ Kh6 42. Qh4+ Kg7 43. Qf6+ Kh6 44. Qh4+ Kg7 45. Qf6+ 1/2-1/2

[Event "Wch U20 57th"]
[Site "Manavgat"]
[Date "2018.09.08"]
[Round "5"]
[White "Kwon, Sehyun"]
[Black "Tuna, Alp"]
[Result "1-0"]
[WhiteElo "2129"]
[BlackElo "2253"]
[PlyCount "54"]
[EventDate "2018.09.05"]
[EventType "swiss"]
[EventRounds "11"]
[EventCountry "TUR"]
[SourceTitle "CBM 186 Extra"]
[Source "ChessBase"]
[SourceDate "2018.08.24"]
[SourceVersion "1"]
[SourceVersionDate "2018.08.24"]
[SourceQuality "1"]

1. e4 c5 2. Nf3 d6 3. Bb5+ Nc6 4. Bxc6+ bxc6 5. 0-0 e5 6. c3 Be7 7. d4 f5 8. dxe5 fxe4 9. exd6 Bxd6 10. Re1 Nf6 11. Nbd2 Bf5 12. Qb3 Qc7 13. h3 Kf8 14. Nh4 Bg6 15. Nc4 Bh2+ 16. Kh1 Rb8 17. Qa3 Rb5 18. Be3 Kf7 19. Bxc5 Rd8 20. Rad1 Nd5 21. Nxg6 hxg6 22. Rxe4 Nf6 23. Re7+ Qxe7 24. Bxe7 Rxd1+ 25. Kxh2 Ke6 26. Bxf6 gxf6 27. Qxa7 Kd5 1-0

[Event "TUR-chT"]
[Site "Kocaeli"]
[Date "2017.07.30"]
[Round "6.6"]
[White "Kesgin, Halit Kaan"]
[Black "Tuna, Alp"]
[Result "1/2-1/2"]
[WhiteElo "2207"]
[BlackElo "2280"]
[PlyCount "46"]
[EventDate "2017.07.26"]
[EventType "team-tourn"]
[EventRounds "13"]
[EventCountry "TUR"]
[SourceTitle "CBM 179 Extra"]
[Source "ChessBase"]
[SourceDate "2017.08.23"]
[SourceVersion "1"]
[SourceVersionDate "2017.08.23"]
[SourceQuality "1"]
[WhiteTeam "Istanbul Bogazici Univ"]
[BlackTeam "Istanbul Besiktas"]
[WhiteTeamCountry "TUR"]
[BlackTeamCountry "TUR"]

1. e4 c6 2. d4 d5 3. Nc3 dxe4 4. Nxe4 Bf5 5. Ng3 Bg6 6. Nf3 Nd7 7. h4 h6 8. h5 Bh7 9. Bd3 Bxd3 10. Qxd3 e6 11. Bd2 Ngf6 12. 0-0-0 Be7 13. Qe2 0-0 14. Nf1 c5 15. g4 cxd4 16. g5 Nd5 17. gxh6 Qb6 18. Rg1 Ba3 19. Rxg7+ Kh8 20. Rh7+ Kg8 21. Rg7+ Kh8 22. Rh7+ Kg8 23. Rg7+ Kh8 1/2-1/2

[Event "TUR-chT"]
[Site "Kocaeli"]
[Date "2017.07.29"]
[Round "4.5"]
[White "Dolgun, Can"]
[Black "Tuna, Alp"]
[Result "1-0"]
[WhiteElo "2104"]
[BlackElo "2280"]
[PlyCount "41"]
[EventDate "2017.07.26"]
[EventType "team-tourn"]
[EventRounds "13"]
[EventCountry "TUR"]
[SourceTitle "CBM 179 Extra"]
[Source "ChessBase"]
[SourceDate "2017.08.23"]
[SourceVersion "1"]
[SourceVersionDate "2017.08.23"]
[SourceQuality "1"]
[WhiteTeam "Varyant Yontem"]
[BlackTeam "Istanbul Besiktas"]
[WhiteTeamCountry "TUR"]
[BlackTeamCountry "TUR"]

1. e4 c6 2. d4 d5 3. Nc3 dxe4 4. Nxe4 Bf5 5. Ng3 Bg6 6. h4 h6 7. N1e2 e6 8. Nf4 Bh7 9. Bc4 Nf6 10. Qe2 Bd6 11. Ngh5 0-0 12. g4 Nxh5 13. Nxh5 e5 14. Bxh6 gxh6 15. Qd2 Bb4 16. Qxb4 Qxd4 17. Nf6+ Kg7 18. c3 Na6 19. Qxf8+ Rxf8 20. Nh5+ Kg8 21. cxd4 1-0

[Event "Belgrade PEP"]
[Site "Belgrade"]
[Date "2017.03.08"]
[Round "9"]
[White "Djordjevic, Vuk D"]
[Black "Tuna, Alp"]
[Result "1/2-1/2"]
[WhiteElo "2421"]
[BlackElo "2285"]
[PlyCount "99"]
[EventDate "2017.02.28"]
[EventType "team-schev"]
[EventRounds "10"]
[EventCountry "SRB"]
[SourceTitle "CBM 177 Extra"]
[Source "ChessBase"]
[SourceDate "2017.04.27"]
[SourceVersion "1"]
[SourceVersionDate "2017.04.27"]
[SourceQuality "1"]
[WhiteTeam "Belgrade"]
[WhiteTeamCountry "SRB"]

1. d4 d5 2. Nf3 Nf6 3. c4 c6 4. Nc3 dxc4 5. a4 Bf5 6. e3 e6 7. Bxc4 Bb4 8. 0-0 0-0 9. Qe2 Nbd7 10. e4 Bg6 11. Bd3 Bh5 12. e5 Nd5 13. Nxd5 cxd5 14. Qe3 Re8 15. Ng5 Bg6 16. Bxg6 fxg6 17. a5 Nf8 18. a6 b6 19. Qf3 Qd7 20. Qb3 Be7 21. Nf3 Rac8 22. Bd2 Rc7 23. Rfc1 Rec8 24. Rxc7 Qxc7 25. Qe3 Qd7 26. Qd3 Qc6 27. Kf1 Qc4 28. Ne1 Nd7 29. b3 Qxd3+ 30. Nxd3 Nb8 31. Ke2 Rc6 32. Bb4 Bxb4 33. Nxb4 Rc3 34. Rb1 g5 35. Kd2 Rc8 36. Rf1 Kf7 37. f4 gxf4 38. Rxf4+ Ke7 39. Rg4 Kf7 40. Rf4+ Ke7 41. Rg4 Kf7 42. Rg3 Kf8 43. h4 Kf7 44. Rf3+ Ke7 45. Rg3 Kf7 46. h5 h6 47. Rh3 Ke7 48. Rg3 Kf7 49. Rf3+ Ke7 50. Rg3 1/2-1/2

[Event "Belgrade PEP"]
[Site "Belgrade"]
[Date "2017.03.07"]
[Round "8"]
[White "Markoja, Boris"]
[Black "Tuna, Alp"]
[Result "1/2-1/2"]
[WhiteElo "2415"]
[BlackElo "2285"]
[PlyCount "56"]
[EventDate "2017.02.28"]
[EventType "team-schev"]
[EventRounds "10"]
[EventCountry "SRB"]
[SourceTitle "CBM 177 Extra"]
[Source "ChessBase"]
[SourceDate "2017.04.27"]
[SourceVersion "1"]
[SourceVersionDate "2017.04.27"]
[SourceQuality "1"]

1. Nf3 d5 2. c4 c6 3. g3 Nf6 4. Bg2 g6 5. b3 Bg7 6. Bb2 0-0 7. 0-0 Bg4 8. d3 Bxf3 9. Bxf3 e6 10. Nd2 Nbd7 11. b4 Ne8 12. Bxg7 Nxg7 13. cxd5 cxd5 14. Nb3 Qb6 15. a3 Rfc8 16. Qd2 Nf5 17. e3 Rc7 18. Rfc1 Rac8 19. Rxc7 Rxc7 20. Rc1 Nd6 21. Be2 h5 22. Rc2 Nb5 23. a4 Nd6 24. Rxc7 Qxc7 25. Qc1 Qxc1+ 26. Nxc1 Kf8 27. Kf1 Ke7 28. Ke1 Ne5 1/2-1/2

[Event "Belgrade PEP"]
[Site "Belgrade"]
[Date "2017.03.02"]
[Round "3"]
[White "Tuna, Alp"]
[Black "Roganovic, Milos"]
[Result "0-1"]
[WhiteElo "2285"]
[BlackElo "2481"]
[PlyCount "80"]
[EventDate "2017.02.28"]
[EventType "team-schev"]
[EventRounds "10"]
[EventCountry "SRB"]
[SourceTitle "CBM 177 Extra"]
[Source "ChessBase"]
[SourceDate "2017.04.27"]
[SourceVersion "1"]
[SourceVersionDate "2017.04.27"]
[SourceQuality "1"]
[WhiteTeam "Belgrade II"]
[BlackTeam "Belgrade"]
[WhiteTeamCountry "SRB"]
[BlackTeamCountry "SRB"]

1. Nf3 Nf6 2. c4 e6 3. Nc3 d5 4. d4 Nbd7 5. Bg5 h6 6. Bxf6 Nxf6 7. e3 a6 8. Rc1 Be7 9. Bd3 0-0 10. 0-0 dxc4 11. Bxc4 b5 12. Be2 Bb7 13. Ne5 c5 14. dxc5 Bxc5 15. Bf3 Qxd1 16. Rfxd1 Bxf3 17. gxf3 Rfc8 18. Ne4 Be7 19. Nc6 Kf8 20. Nxe7 Kxe7 21. Nxf6 Kxf6 22. Kf1 Rxc1 23. Rxc1 Rd8 24. Rc6 Rd2 25. Rxa6 Rxb2 26. a4 b4 27. Rb6 Ke5 28. Rb5+ Kd6 29. f4 g5 30. fxg5 hxg5 31. Kg2 f5 32. h3 b3 33. Kg3 Rb1 34. Kf3 b2 35. Ke2 g4 36. hxg4 fxg4 37. Kd2 Rf1 38. Kc2 Rxf2+ 39. Kb1 g3 40. Rg5 g2 0-1

[Event "TUR-ch"]
[Site "Gebze"]
[Date "2016.12.01"]
[Round "13.3"]
[White "Koksal, Ege"]
[Black "Tuna, Alp"]
[Result "1-0"]
[WhiteElo "2271"]
[BlackElo "2375"]
[PlyCount "97"]
[EventDate "2016.11.18"]
[EventType "tourn"]
[EventRounds "13"]
[EventCountry "TUR"]
[EventCategory "3"]
[SourceTitle "CBM 175 Extra"]
[Source "ChessBase"]
[SourceDate "2016.12.12"]
[SourceVersion "1"]
[SourceVersionDate "2016.12.12"]
[SourceQuality "1"]

1. d4 d5 2. Bf4 Nf6 3. e3 c5 4. c3 Nc6 5. Nd2 e6 6. Ngf3 Bd6 7. Bg3 0-0 8. Bb5 Be7 9. Qc2 a6 10. Bd3 h6 11. 0-0 Nh5 12. Be5 f6 13. Bg3 Nxg3 14. hxg3 f5 15. a3 b5 16. b4 c4 17. Be2 a5 18. Ne5 Nxe5 19. dxe5 Qc7 20. f4 Qb6 21. Kf2 d4 22. exd4 axb4 23. axb4 Rxa1 24. Rxa1 Bb7 25. Bf3 g5 26. Bxb7 Qxb7 27. Qd1 g4 28. Nf1 Rd8 29. Ne3 Qb6 30. Qb1 Kf7 31. Qa2 Qb7 32. Qc2 Qb6 33. Ke2 Bxb4 34. cxb4 Rxd4 35. Rd1 Re4 36. Qc3 Qa7 37. Rd2 Ke7 38. Kf2 Kf7 39. Rd1 Kg6 40. Re1 Rd4 41. Ra1 Qd7 42. Ke2 Re4 43. Rd1 Qa7 44. Rd6 Kf7 45. Qd2 Qa3 46. Rc6 Qa7 47. Rc5 Kg6 48. Kf2 Qa1 49. Qd8 1-0

[Event "TUR-ch"]
[Site "Gebze"]
[Date "2016.11.30"]
[Round "12.6"]
[White "Tuna, Alp"]
[Black "Kerigan, Demre"]
[Result "0-1"]
[WhiteElo "2375"]
[BlackElo "2353"]
[PlyCount "86"]
[EventDate "2016.11.18"]
[EventType "tourn"]
[EventRounds "13"]
[EventCountry "TUR"]
[EventCategory "3"]
[SourceTitle "CBM 175 Extra"]
[Source "ChessBase"]
[SourceDate "2016.12.12"]
[SourceVersion "1"]
[SourceVersionDate "2016.12.12"]
[SourceQuality "1"]

1. e4 Nc6 2. Nf3 e5 3. Bb5 Nge7 4. Nc3 g6 5. d4 exd4 6. Nd5 Bg7 7. Bg5 h6 8. Bf6 Bxf6 9. Nxf6+ Kf8 10. 0-0 d6 11. Nxd4 Kg7 12. Nd5 Nxd5 13. exd5 Ne5 14. Qd2 a6 15. Be2 Qf6 16. f4 Nd7 17. c3 Nc5 18. Rae1 Re8 19. b4 Na4 20. Bf3 Bd7 21. c4 b5 22. cxb5 axb5 23. Rxe8 Rxe8 24. Rc1 Nb6 25. Nb3 Nc4 26. Qc3 Ra8 27. Qxf6+ Kxf6 28. Be2 Rxa2 29. Bxc4 bxc4 30. Rxc4 Bf5 31. h3 Rb2 32. Na5 h5 33. h4 Rd2 34. Rxc7 Be4 35. Nc4 Rxg2+ 36. Kf1 Rg4 37. Ke2 Rxf4 38. Ne3 Bf3+ 39. Kd3 Rxb4 40. Rc6 Rxh4 41. Rxd6+ Ke5 42. Rd8 Rd4+ 43. Kc2 Kf4 0-1

[Event "TUR-ch"]
[Site "Gebze"]
[Date "2016.11.27"]
[Round "9"]
[White "Tuna, Alp"]
[Black "Sevgi, Volkan"]
[Result "1/2-1/2"]
[WhiteElo "2375"]
[BlackElo "2243"]
[PlyCount "98"]
[EventDate "2016.11.18"]
[EventType "tourn"]
[EventRounds "13"]
[EventCountry "TUR"]
[EventCategory "3"]
[SourceTitle "CBM 175 Extra"]
[Source "ChessBase"]
[SourceDate "2016.12.12"]
[SourceVersion "1"]
[SourceVersionDate "2016.12.12"]
[SourceQuality "1"]

1. e4 c5 2. Nf3 Nc6 3. Bb5 g6 4. Bxc6 dxc6 5. d3 Bg7 6. h3 e5 7. Be3 b6 8. Nbd2 Ne7 9. a4 a5 10. Nc4 Qc7 11. b4 b5 12. axb5 cxb5 13. Nxa5 cxb4 14. Nb3 Rxa1 15. Nxa1 Be6 16. Qb1 Nc6 17. Bc5 Bf8 18. Bxf8 Kxf8 19. Qb2 f6 20. 0-0 Kg7 21. Nb3 Ra8 22. Nfd2 Qd6 23. Ra1 Ra4 24. Rb1 Bf7 25. Nf3 Ra3 26. Nfd2 Qd7 27. Nc1 Qa7 28. Nf3 Qc5 29. Kf1 Rc3 30. Ne1 Ra3 31. Nf3 Nd4 32. Nxd4 exd4 33. Ke1 Rc3 34. Qxb4 Qg5 35. Ne2 Rxc2 36. Nxd4 Ra2 37. Kf1 Ra4 38. Qc3 Qe5 39. Ne2 b4 40. Qxe5 fxe5 41. Ke1 Kf6 42. Rb2 g5 43. Kd2 Ke7 44. g3 Kd6 45. f4 gxf4 46. gxf4 exf4 47. Nxf4 b3 48. Kc3 Ke5 49. Ne2 Ra2 1/2-1/2

[Event "TUR-ch"]
[Site "Gebze"]
[Date "2016.11.24"]
[Round "7"]
[White "Tuna, Alp"]
[Black "Soysal, Serkan"]
[Result "1/2-1/2"]
[WhiteElo "2375"]
[BlackElo "2290"]
[PlyCount "61"]
[EventDate "2016.11.18"]
[EventType "tourn"]
[EventRounds "13"]
[EventCountry "TUR"]
[EventCategory "3"]
[SourceTitle "CBM 175 Extra"]
[Source "ChessBase"]
[SourceDate "2016.12.12"]
[SourceVersion "1"]
[SourceVersionDate "2016.12.12"]
[SourceQuality "1"]

1. e4 c5 2. Nf3 e6 3. d4 cxd4 4. Nxd4 Nc6 5. Nc3 Qc7 6. Be2 a6 7. 0-0 b5 8. Be3 Bb7 9. Nxc6 Bxc6 10. a3 Nf6 11. Qd3 Qb7 12. e5 Nd5 13. Nxd5 Bxd5 14. f3 Be7 15. Bd4 0-0 16. Qe3 Rfe8 17. Bd3 d6 18. Rfe1 dxe5 19. Qxe5 Bf6 20. Qf4 Bxd4+ 21. Qxd4 Red8 22. Qh4 g6 23. Rad1 Rac8 24. Rd2 Qb6+ 25. Qf2 Qc7 26. Red1 Qe5 27. Bf1 Rc6 28. c3 Rdc8 29. Rd4 Kg7 30. R1d2 R8c7 31. Qg3 1/2-1/2

[Event "Novi Sad Serbian op"]
[Site "Novi Sad"]
[Date "2016.11.12"]
[Round "8"]
[White "Baglan, Esat"]
[Black "Tuna, Alp"]
[Result "1/2-1/2"]
[WhiteElo "2225"]
[BlackElo "2375"]
[PlyCount "30"]
[EventDate "2016.11.06"]
[EventType "swiss"]
[EventRounds "9"]
[EventCountry "SRB"]
[SourceTitle "CBM 175 Extra"]
[Source "ChessBase"]
[SourceDate "2016.12.12"]
[SourceVersion "1"]
[SourceVersionDate "2016.12.12"]
[SourceQuality "1"]

1. e4 c6 2. d4 d5 3. exd5 cxd5 4. c4 Nf6 5. Nc3 Nc6 6. Bg5 Ne4 7. Nxe4 dxe4 8. d5 Ne5 9. Qd4 f6 10. Qxe4 Qb6 11. 0-0-0 Qxf2 12. Ne2 Bf5 13. Qd4 Qxd4 14. Nxd4 Bd7 15. Bf4 Nxc4 1/2-1/2

[Event "Novi Sad Serbian op"]
[Site "Novi Sad"]
[Date "2016.11.10"]
[Round "6"]
[White "Sahin, Ozgun"]
[Black "Tuna, Alp"]
[Result "0-1"]
[WhiteElo "2146"]
[BlackElo "2375"]
[PlyCount "79"]
[EventDate "2016.11.06"]
[EventType "swiss"]
[EventRounds "9"]
[EventCountry "SRB"]
[SourceTitle "CBM 175 Extra"]
[Source "ChessBase"]
[SourceDate "2016.12.12"]
[SourceVersion "1"]
[SourceVersionDate "2016.12.12"]
[SourceQuality "1"]

1. e4 c6 2. Nf3 d5 3. exd5 cxd5 4. Ne5 Nc6 5. Bb5 Bd7 6. Nxd7 Qxd7 7. d4 a6 8. Be2 Nf6 9. 0-0 e6 10. Be3 Bd6 11. c4 dxc4 12. Bxc4 0-0 13. Nc3 b5 14. Bd3 Be7 15. Rc1 Nb4 16. Bb1 Rac8 17. Qf3 Nbd5 18. Qh3 g6 19. Bh6 Rfe8 20. Ne2 Rxc1 21. Rxc1 Rc8 22. Rxc8+ Qxc8 23. Qg3 Ne8 24. Qb3 Nd6 25. a4 Qc6 26. axb5 axb5 27. Bd2 Nc4 28. Qc2 Qb7 29. Bc1 Bd6 30. b3 Ncb6 31. Nc3 Bxh2+ 32. Kh1 Nxc3 33. Qxc3 Bd6 34. Bh6 Qd5 35. Kg1 Qh5 36. Qc1 Qh2+ 37. Kf1 Bf8 38. Be3 Qh1+ 39. Ke2 Qxg2 40. Bd3 0-1

[Event "Novi Sad Serbian op"]
[Site "Novi Sad"]
[Date "2016.11.07"]
[Round "3"]
[White "Tuna, Alp"]
[Black "Kuzmin, Yuriy"]
[Result "1/2-1/2"]
[WhiteElo "2375"]
[BlackElo "2236"]
[PlyCount "127"]
[EventDate "2016.11.06"]
[EventType "swiss"]
[EventRounds "9"]
[EventCountry "SRB"]
[SourceTitle "CBM 175 Extra"]
[Source "ChessBase"]
[SourceDate "2016.12.12"]
[SourceVersion "1"]
[SourceVersionDate "2016.12.12"]
[SourceQuality "1"]

1. e4 c5 2. Nf3 d6 3. Bb5+ Nc6 4. 0-0 Bd7 5. Re1 Nf6 6. c3 a6 7. Bf1 Bg4 8. h3 Bxf3 9. Qxf3 g6 10. d3 Bg7 11. Be3 Nd7 12. Nd2 0-0 13. Qd1 b5 14. Nf3 Nde5 15. Nxe5 Nxe5 16. d4 cxd4 17. cxd4 Nc4 18. Bxc4 bxc4 19. Qa4 d5 20. Rac1 e6 21. exd5 exd5 22. b3 cxb3 23. axb3 Re8 24. Rc6 a5 25. Rec1 Rb8 26. Rc7 Re4 27. Rd7 Qe8 28. Rc3 h5 29. Rxd5 Bf8 30. Qxe8 Rexe8 31. Kf1 Rb7 32. Ke2 Bb4 33. Rc4 Kg7 34. g4 hxg4 35. hxg4 f6 36. g5 Re6 37. gxf6+ Kxf6 38. Kd3 Kf7 39. Kc2 Reb6 40. Bc1 Rf6 41. f4 Rfb6 42. f5 Rf6 43. fxg6+ Rxg6 44. Rf5+ Ke6 45. Re5+ Kd7 46. Re2 Rg3 47. Rh2 Rxb3 48. Rh7+ Be7 49. Bg5 Rb2+ 50. Kd3 Kd6 51. Rh6+ Kd7 52. Rh7 Kd6 53. Bxe7+ Rxe7 54. Rh6+ Re6 55. Rxe6+ Kxe6 56. Rc6+ Kd7 57. Ra6 Ra2 58. Kc4 a4 59. Kd5 a3 60. Ra7+ Kc8 61. Kc6 Rc2+ 62. Kd6 a2 63. d5 Kb8 64. Ra4 1/2-1/2

[Event "Palic Karadzic Memorial op"]
[Site "Palic"]
[Date "2016.10.31"]
[Round "4"]
[White "Marjanusic, Vladimir"]
[Black "Tuna, Alp"]
[Result "0-1"]
[WhiteElo "2193"]
[BlackElo "2375"]
[PlyCount "30"]
[EventDate "2016.10.29"]
[EventType "swiss"]
[EventRounds "9"]
[EventCountry "SRB"]
[SourceTitle "CBM 175 Extra"]
[Source "ChessBase"]
[SourceDate "2016.12.12"]
[SourceVersion "1"]
[SourceVersionDate "2016.12.12"]
[SourceQuality "1"]

1. e4 c6 2. d4 d5 3. Nc3 dxe4 4. Nxe4 Bf5 5. Ng3 Bg6 6. h4 h6 7. Nh3 Nf6 8. Nf4 Bh7 9. Bc4 e6 10. 0-0 Bd6 11. Re1 0-0 12. c3 Re8 13. Nd3 Nbd7 14. Nh5 Nxh5 15. Qxh5 b5 0-1

[Event "Palic Karadzic Memorial op"]
[Site "Palic"]
[Date "2016.10.30"]
[Round "3"]
[White "Tuna, Alp"]
[Black "Skoberne, Jure"]
[Result "0-1"]
[WhiteElo "2375"]
[BlackElo "2555"]
[PlyCount "118"]
[EventDate "2016.10.29"]
[EventType "swiss"]
[EventRounds "9"]
[EventCountry "SRB"]
[SourceTitle "CBM 175 Extra"]
[Source "ChessBase"]
[SourceDate "2016.12.12"]
[SourceVersion "1"]
[SourceVersionDate "2016.12.12"]
[SourceQuality "1"]

1. e4 e6 2. d4 d5 3. Nd2 c5 4. exd5 Qxd5 5. Ngf3 cxd4 6. Bc4 Qd6 7. 0-0 Nf6 8. Nb3 Nc6 9. Nbxd4 Nxd4 10. Nxd4 Be7 11. Nb5 Qc6 12. b3 0-0 13. Bb2 b6 14. Be2 Rd8 15. Qc1 e5 16. c4 Bb7 17. Bf3 e4 18. Be2 Bc5 19. Kh1 a6 20. Nc3 Qd6 21. Na4 Bb4 22. Bc3 Bxc3 23. Nxc3 Bc6 24. Qe3 Qc5 25. Rfd1 Kf8 26. Kg1 h6 27. Rxd8+ Rxd8 28. Rd1 Rxd1+ 29. Nxd1 Nd7 30. Kf1 a5 31. Qc3 Qe5 32. Qxe5 Nxe5 33. a3 f5 34. g3 Ke7 35. Ke1 g5 36. Kd2 f4 37. h3 e3+ 38. Ke1 f3 39. Nxe3 fxe2 40. Kxe2 Be4 41. f4 gxf4 42. gxf4 Ng6 43. Ng4 h5 44. Nf2 Bc2 45. b4 axb4 46. axb4 Nxf4+ 47. Ke3 Ne6 48. Kd2 Bf5 49. Ke3 h4 50. c5 b5 51. Kf3 Nd4+ 52. Kf4 Kf6 53. Ng4+ Bxg4 54. Kxg4 Nc6 55. Kxh4 Nxb4 56. Kg4 Nc6 57. Kf4 b4 58. Ke4 Kg5 59. Kd3 Na5 0-1

[Event "SRB Central-ch op-A 9th"]
[Site "Paracin"]
[Date "2016.07.12"]
[Round "6"]
[White "Tuna, Alp"]
[Black "Kosic, Dragan"]
[Result "1/2-1/2"]
[WhiteElo "2105"]
[BlackElo "2504"]
[PlyCount "71"]
[EventDate "2016.07.07"]
[EventType "swiss"]
[EventRounds "9"]
[EventCountry "SRB"]
[SourceTitle "CBM 173 Extra"]
[Source "ChessBase"]
[SourceDate "2016.08.29"]
[SourceVersion "1"]
[SourceVersionDate "2016.08.29"]
[SourceQuality "1"]

1. e4 e6 2. d4 d5 3. Nd2 dxe4 4. Nxe4 Nd7 5. Nf3 Ngf6 6. Bd3 Nxe4 7. Bxe4 Nf6 8. Bg5 Be7 9. Bd3 h6 10. Bxf6 gxf6 11. Qe2 Qd6 12. 0-0-0 Bd7 13. Kb1 0-0-0 14. Rhe1 Kb8 15. g3 Rhe8 16. c3 c5 17. dxc5 Qxc5 18. Nd4 Bf8 19. Nb3 Qb6 20. Rd2 Bc6 21. Red1 f5 22. Nd4 Ba4 23. Bc2 Bxc2+ 24. Kxc2 Bg7 25. Nf3 Rxd2+ 26. Qxd2 Qc7 27. Qd3 a6 28. Qe2 Rc8 29. Kb1 Qc5 30. Rd7 Rc7 31. Rd8+ Ka7 32. Qd2 Bf6 33. Rd3 Bg7 34. Rd8 Bf6 35. Rd3 Bg7 36. Rd8 1/2-1/2

[Event "SRB Central-ch op-A 9th"]
[Site "Paracin"]
[Date "2016.07.11"]
[Round "5"]
[White "Tuna, Alp"]
[Black "Fang, Yuxiang"]
[Result "1/2-1/2"]
[WhiteElo "2105"]
[BlackElo "2494"]
[PlyCount "60"]
[EventDate "2016.07.07"]
[EventType "swiss"]
[EventRounds "9"]
[EventCountry "SRB"]
[SourceTitle "CBM 173 Extra"]
[Source "ChessBase"]
[SourceDate "2016.08.29"]
[SourceVersion "1"]
[SourceVersionDate "2016.08.29"]
[SourceQuality "1"]

1. d4 d5 2. c4 c6 3. cxd5 cxd5 4. Bf4 Nc6 5. e3 Nf6 6. Nc3 a6 7. Bd3 Bg4 8. Nge2 e6 9. 0-0 Bd6 10. f3 Bh5 11. Rc1 0-0 12. Na4 Bg6 13. Bxd6 Qxd6 14. Nc5 Rab8 15. Qd2 Bxd3 16. Qxd3 Nd7 17. Qd2 Rfc8 18. Nxd7 Qxd7 19. Nf4 b6 20. Rc2 Na5 21. Rfc1 Nc4 22. Qe2 h6 23. Nd3 Qb7 24. Kf2 Nd6 25. b3 Rxc2 26. Rxc2 Rc8 27. Qd1 Kf8 28. Qc1 Rxc2+ 29. Qxc2 Qc8 30. Qxc8+ Nxc8 1/2-1/2

[Event "SRB Central-ch op-A 9th"]
[Site "Paracin"]
[Date "2016.07.08"]
[Round "2"]
[White "Tuna, Alp"]
[Black "Pantelic, Sasa"]
[Result "1-0"]
[WhiteElo "2105"]
[BlackElo "2340"]
[PlyCount "49"]
[EventDate "2016.07.07"]
[EventType "swiss"]
[EventRounds "9"]
[EventCountry "SRB"]
[SourceTitle "CBM 173 Extra"]
[Source "ChessBase"]
[SourceDate "2016.08.29"]
[SourceVersion "1"]
[SourceVersionDate "2016.08.29"]
[SourceQuality "1"]

1. e4 d6 2. d4 Nd7 3. Nc3 c6 4. a4 Ngf6 5. Nf3 e5 6. Bc4 Be7 7. 0-0 0-0 8. Re1 Qc7 9. h3 exd4 10. Nxd4 Ne5 11. Bb3 a6 12. f4 Ng6 13. a5 Re8 14. Qd3 Bf8 15. Bd2 Nd7 16. Bxf7+ Kxf7 17. Qc4+ Kf6 18. Nd5+ cxd5 19. Qxc7 dxe4 20. Bc3 Nxf4 21. Ne2+ Kg5 22. Bd2 e3 23. Nxf4 Kxf4 24. Bxe3+ Kf5 25. Bd4 1-0

[Event "Nis op"]
[Site "Nis"]
[Date "2016.07.06"]
[Round "9"]
[White "Tuna, Alp"]
[Black "Aponte Castillo, Jose Ernesto"]
[Result "1/2-1/2"]
[WhiteElo "2034"]
[BlackElo "2139"]
[PlyCount "86"]
[EventDate "2016.06.28"]
[EventType "swiss"]
[EventRounds "9"]
[EventCountry "YUG"]
[SourceTitle "CBM 173 Extra"]
[Source "ChessBase"]
[SourceDate "2016.08.29"]
[SourceVersion "1"]
[SourceVersionDate "2016.08.29"]
[SourceQuality "1"]

1. Nf3 Nf6 2. c4 g6 3. g3 Bg7 4. Bg2 0-0 5. 0-0 d6 6. d4 Nc6 7. Nc3 a6 8. Bf4 Rb8 9. Rc1 Bd7 10. c5 Nh5 11. Be3 Qc8 12. cxd6 cxd6 13. d5 Ne5 14. Nxe5 Bxe5 15. f4 Bg7 16. Ba7 Ra8 17. Bd4 Qc4 18. Bxg7 Kxg7 19. Qd2 Rac8 20. e4 Nf6 21. h3 b5 22. e5 Ne8 23. Ne4 Qxa2 24. Rxc8 Bxc8 25. Qc3 Qc4 26. Qxc4 bxc4 27. Nd2 Nc7 28. Nxc4 Nb5 29. g4 h6 30. Re1 g5 31. fxg5 hxg5 32. exd6 Nxd6 33. Ne5 e6 34. dxe6 Bxe6 35. Ra1 Kf6 36. Nf3 Rb8 37. Rxa6 Nc4 38. Nd4 Rxb2 39. Bd5 Nb6 40. Bb3 Ke5 41. Nxe6 Rxb3 42. Nxg5 f6 43. Nf3+ Rxf3 1/2-1/2